000 03630nab a2200313 i 4500
003 BR-BrBNA
005 20241122094924.0
008 241122b2021 bl.ar|pooa||| 00| 0 eng |
040 _aBR-BrBNA
_beng
072 _aH20
_b1660
072 _aH01
100 _aJurado-Rincón, Diego Alejandro
100 _aRincón-Rivera, Linda Jeimmy
100 _aVargas-Berdugo, Angela María
100 _aGonzález-Almario,
245 _aPartial sequencing of a putative Alstroemeria necrotic streak orthotospovirus isolate detected on lettuce in Colombia
500 _aPublicação online; 26 ref.; 4 illus.; Summaries (En, Pt)
520 _a ABSTRACT - Lettuce is the most cultivated leafy salad vegetable in Colombia, being the municipality of Madrid, in the Department of Cundinamarca, the second largest producer. In this region, lettuce plants with foliar symptoms characterized by brown necrotic spots forming an extended necrotic area, chlorosis, leaf distortion and plant stunting have been detected, possibly caused by a viral infection associated with the Orthotospovirus genus. This study aimed to identify the orthotospovirus species associated with those symptoms, contributing to updating the lettuce phytosanitary status in this region. The presence of orthotospovirus was confirmed by the enzyme-linked immunosorbent assay (DAS-ELISA), although the sequence of the nucleocapsid (N) gene confirmed the presence of Alstroemeria necrotic streak orthotospovirus, disregarding the Tomato spotted wilt orthotospovirus and Impatiens necrotic spot orthotospovirus previously reported for this crop, being this its first report in lettuce crops in Colombia. KEYWORDS: Lactuca sativa L., Tomato spotted wilt orthotospovirus, Impatiens necrotic spot orthotospovirus, nucleocapsid protein.
520 _a RESUMO - Sequenciamento parcial de isolado putativo de Alstroemeria necrotic streak orthotospovirus detectado em alface na Colômbia - A alface é o vegetal folhoso para salada mais cultivado na Colômbia, sendo o município de Madrid, no Departamento de Cundinamarca, o segundo maior produtor. Nessa região, foram detectadas plantas com sintomas foliares caracterizados por manchas necróticas de coloração castanha formando uma extensa área necrótica, clorose, distorção foliar e atrofia das plantas, causados por infecção viral possivelmente associada ao gênero Orthotospovirus. Objetivou-se identificar as espécies de orthotospovirus associadas aos sintomas, contribuindo para a atualização do estatuto fitossanitário da alface nessa região. Foi constatada a presença de orthotospovirus pelo ensaio de imunoabsorção enzimática (DAS-ELISA), embora a sequência do gene nucleocapsid (N) tenha confirmado a presença de Alstroemeria necrotic streak orthotospovirus, desconsiderando-se o Tomato spotted wilt orthotospovirus e Impatiens necrotic spot orthotospovirus previamente relatados para essa cultura, sendo este o seu primeiro relato para o cultivo de alface na Colômbia. PALAVRAS-CHAVE: Lactuca sativa L., Tomato spotted wilt orthotospovirus, Impatiens necrotic spot orthotospovirus, proteína nucleocapsid.
650 _aALFACE
650 _aVÍRUS
650 _aLEVANTAMENTO FITOSSANITÁRIO
650 _aDEFESA VEGETAL
650 _aCOLÔMBIA
773 0 _03248
_9317347
_dGoiânia-GO UFG. Escola de Agronomia 1999
_o2024-3999
_tPesquisa Agropecuária Tropical (Brazil)
_x1517-6398
_gv. 51 p. 1-6; (2021)
_wBR2024003494
856 _uhttps://www.scielo.br/j/pat/a/YJLVDxBJM7S6wNPhRgS75nn/?format=pdf&lang=en
942 _cANA
999 _c328764
_d328764